00488cam a2200181 a 4500001000800000005001700008008004100025010001700066020004200083040001800125041000800143080001500151082001900166100000700185101000800192245004200200504006400242205111420180308032530.0930512s1993 nyu b 001 0 eng  a 93023909  a0814792634 (acidfree paper) :c$40.00 aDLCcDLCdDLC aeng a305.3 wal00a305.3 wal2201 a50 asoc10aGendered community :cPenny A. Weiss. aIncludes bibliographical references (p. 177-184) and index.